Zakat

Bibliographic Details
Main Author: Imran Azmi
Format: Book
Published: Selangor : Edusystem Sdn.Bhd. , c2011
Series:Rukun Islam Belajarlah Sayang
Subjects:

MARC

LEADER 00000cam a2200000 7i4500
001 0000104419
005 20180122.0
008 100526 bm
020 |a 9789679069051 
020 |a 9789679069099 
090 0 0 |a 297.54 IMR 
100 1 |a Imran Azmi 
245 1 0 |a Zakat   |c Imran Azmi 
260 |a Selangor :   |b Edusystem Sdn.Bhd. ,   |c c2011 
300 |a iv,44p. :   |b ill.col. ;   |c 28cm. 
440 0 |a Rukun Islam Belajarlah Sayang 
650 0 0 |a Zakat 
999 |a 0000228106   |b Buku   |c Rujukan Kanak-Kanak   |e Perbadanan Perpustakaan Awam Melaka 
999 |a 0000228107   |b Buku   |c Rujukan Kanak-Kanak   |e Perbadanan Perpustakaan Awam Melaka 
999 |a 0000228108   |b Buku   |c Rujukan Kanak-Kanak   |e Perpustakaan Cawangan Jasin 
999 |a 0000228109   |b Buku   |c Rujukan Kanak-Kanak   |e Perpustakaan Cawangan Jasin 
999 |a 0000228110   |b Buku   |c Rujukan Kanak-Kanak   |e Perpustakaan Cawangan Masjid Tanah 
999 |a 0000228111   |b Buku   |c Rujukan Kanak-Kanak   |e Perpustakaan Cawangan Masjid Tanah 
999 |a 0000228112   |b Buku   |c Rujukan Kanak-Kanak   |e Perpustakaan Cawangan Merlimau 
999 |a 0000228113   |b Buku   |c Rujukan Kanak-Kanak   |e Perpustakaan Cawangan Merlimau 
999 |a 0000228114   |b Buku   |c Rujukan Kanak-Kanak   |e Perpustakaan Rumah Kasih Tun Abdul Aziz 
999 |a 0000228115   |b Buku   |c Rujukan Kanak-Kanak   |e Perbadanan Perpustakaan Awam Melaka 
999 |a 0000228116   |b Buku   |c Rujukan Kanak-Kanak   |e Perbadanan Perpustakaan Awam Melaka 
999 |a 0000228117   |b Buku   |c Rujukan Kanak-Kanak   |e PERPUSTAKAAN PENJARA SUNGAI UDANG 
999 |a 0000228118   |b Buku   |c Rujukan Kanak-Kanak   |e Perbadanan Perpustakaan Awam Melaka 
999 |a 0000228119   |b Buku   |c Rujukan Kanak-Kanak   |e Perbadanan Perpustakaan Awam Melaka 
999 |a 0000228120   |b Buku   |c Rujukan Kanak-Kanak   |e Perbadanan Perpustakaan Awam Melaka 
999 |a 0000228121   |b Buku   |c Rujukan Kanak-Kanak   |e Perbadanan Perpustakaan Awam Melaka 
999 |a 0000228122   |b Buku   |c Rujukan Kanak-Kanak   |e Perbadanan Perpustakaan Awam Melaka 
999 |a 0000228123   |b Buku   |c Rujukan Kanak-Kanak   |e Perbadanan Perpustakaan Awam Melaka 
999 |a 0000228124   |b Buku   |c Rujukan Kanak-Kanak   |e Perbadanan Perpustakaan Awam Melaka 
999 |a 0000228125   |b Buku   |c Rujukan Kanak-Kanak   |e Perbadanan Perpustakaan Awam Melaka 
999 |a 0000228126   |b Buku   |c Rujukan Kanak-Kanak   |e Perbadanan Perpustakaan Awam Melaka 
999 |a 0000228127   |b Buku   |c Rujukan Kanak-Kanak   |e Perbadanan Perpustakaan Awam Melaka 
999 |a 0000228128   |b Buku   |c Rujukan Kanak-Kanak   |e Perbadanan Perpustakaan Awam Melaka 
999 |a 0000228129   |b Buku   |c Rujukan Kanak-Kanak   |e Perbadanan Perpustakaan Awam Melaka 
999 |a 0000228130   |b Buku   |c Rujukan Kanak-Kanak   |e Perbadanan Perpustakaan Awam Melaka 
999 |a 0000228131   |b Buku   |c Rujukan Kanak-Kanak   |e Perbadanan Perpustakaan Awam Melaka 
999 |a 0000228132   |b Buku   |c Rujukan Kanak-Kanak   |e Perbadanan Perpustakaan Awam Melaka 
999 |a 0000228133   |b Buku   |c Rujukan Kanak-Kanak   |e Perbadanan Perpustakaan Awam Melaka 
999 |a 0000228134   |b Buku   |c Rujukan Kanak-Kanak   |e Perbadanan Perpustakaan Awam Melaka 
999 |a 0000228135   |b Buku   |c Rujukan Kanak-Kanak   |e Perbadanan Perpustakaan Awam Melaka 
999 |a 0000228136   |b Buku   |c Rujukan Kanak-Kanak   |e Perbadanan Perpustakaan Awam Melaka 
999 |a 0000228137   |b Buku   |c Rujukan Kanak-Kanak   |e Perbadanan Perpustakaan Awam Melaka 
999 |a 0000228138   |b Buku   |c Rujukan Kanak-Kanak   |e Perbadanan Perpustakaan Awam Melaka 
999 |a 0000228139   |b Buku   |c Rujukan Kanak-Kanak   |e Perbadanan Perpustakaan Awam Melaka 
999 |a 0000228140   |b Buku   |c Rujukan Kanak-Kanak   |e Perbadanan Perpustakaan Awam Melaka 
999 |a 0000228141   |b Buku   |c Rujukan Kanak-Kanak   |e PK Aeon Jaya Jusco 
999 |a 0000228142   |b Buku   |c Rujukan Kanak-Kanak   |e PK Melaka Mall 
999 |a 0000228143   |b Buku   |c Koleksi Pinjaman Kanak-Kanak   |e Perbadanan Perpustakaan Awam Melaka 
999 |a 0000228144   |b Buku   |c Koleksi Pinjaman Kanak-Kanak   |e Perbadanan Perpustakaan Awam Melaka 
999 |a 0000228145   |b Buku   |c Rujukan Kanak-Kanak   |e Perbadanan Perpustakaan Awam Melaka 
999 |a 0000228146   |b Buku   |c Rujukan Kanak-Kanak   |e Perbadanan Perpustakaan Awam Melaka 
999 |a 0000228147   |b Buku   |c Rujukan Kanak-Kanak   |e Perbadanan Perpustakaan Awam Melaka